00000000nam 2200000za 4500
0019.676565
003CaOODSP
00520241125103532
007cr |||||||||||
008150407|1988||||xxc|||||o    f|0| 0 eng d
040 |aCaOODSP|beng
041 |aeng
041 |afre
043 |an-cn---
0861 |aCS95-F0145/1988-PDF
24500|aSummary tabulations of language, place of birth, citizenship, immigration, income, household and dwelling characteristics - Canada, provinces and territories |h[electronic resource]
2461 |iSeries title also given on publication as : |a1986 Census of Canada - data collected from 20% sample households
260 |aOttawa : |bStatistics Canada, |c1988.
500 |aHistorical census publication digitized by Statistics Canada.
590 |a13-07-Supp|b2013-03-25
69007|aCensus data|2gcpds
69007|aDemographic statistics|2gcpds
7102 |aStatistics Canada.
792 |tTotalisations sommaires : langue, lieu de naissance, citoyenneté, immigration, revenu, ménage et caractéristiques des logements - Canada, provinces et territoires |efre|w(CaOODSP)9.676566
85640|ahttp://publications.gc.ca|qPDF|s11627 KB|uhttps://publications.gc.ca/collections/collection_2013/statcan/rh-hc/CS95-F0145-1988.pdf